Arvaa biisi - KUUMAA - Statistics

General Stats
  • This quiz has been taken 49 times
  • The average score is 36 of 159
Answer Stats
Answer % Correct
84%
tuli
63%
on
58%
ei
55%
ja
50%
kun
47%
et
45%
olla
39%
mut
32%
täs
32%
vaik
26%
hyviksii
24%
meidän
24%
meistä
24%
pahiksii
24%
piti
24%
eri
21%
niin
21%
erilleen
18%
jotain
18%
kasvettu
18%
ollenkaan
18%
suurempaa
18%
tän
18%
taviksii
18%
tyypillisii
18%
maa
16%
mitään
16%
pitäis
16%
tulla
16%
ihan
13%
ikkunaan
13%
iltaisin
13%
meidänkin
13%
mietin
13%
sade
13%
sama
13%
sataa
13%
tulee
13%
haasteita
11%
huolii
11%
itekseen
11%
jäljel
11%
järkee
11%
kihloihin
11%
missään
11%
miten
11%
niit
11%
nyt
11%
oliks
11%
pitää
11%
suhun
11%
sut
11%
vaan
11%
vaihees
11%
vaihtareit
11%
valintoi
11%
enää
8%
hauskaa
8%
hiipii
8%
hiottiin
8%
huolel
8%
jaksetaan
8%
muistetaan
8%
opinnot
8%
outo
8%
sai
8%
sovittiin
8%
suunnitelmat
8%
täytyy
8%
tunne
8%
virhearvioita
8%
aamuu
5%
ennen
5%
jotka
5%
kotiin
5%
rakastuisin
5%
uudelleen
5%
aikasemmin
3%
hymyilet
3%
jutuille
3%
nauraa
3%
sammuu
3%
valot
3%
No matching quizzes found
Score Distribution
Percent of People with Each Score
Percentile by Number Answered
Your Score History
You have not taken this quiz